| 000 | 00694nam a2200229 u 4500 | ||
|---|---|---|---|
| 005 | 20240228064334.0 | ||
| 008 | 190207s2010 es r 000 0 spa d | ||
| 020 | _a8484701107 | ||
| 035 | _aUPN01000228893 | ||
| 049 | _aI | ||
| 050 | 4 |
_aPZ28 _bB5.7 2010 |
|
| 100 | 1 |
_aBisinski, Pierrick, _d1961- _942789 |
|
| 245 | 1 | 0 |
_aTodos los besos / _cPierrick ; tr. Paula Vicens. |
| 250 | _a5a ed. | ||
| 260 |
_aBarcelona, Esp. : _bCorimbo, _c2010. |
||
| 300 |
_a[30] p. : _bprincipalmente il. col. |
||
| 534 |
_pTítulo original: _tTous les bisous |
||
| 650 | 4 |
_aLibros y lectura para niños _92290 |
|
| 650 | 7 |
_aLibros ilustrados para niños _2 _921365 |
|
| 905 | _aInfantil | ||
| 999 |
_c200988 _d200988 |
||